Pays Commençant par la Lettre L - Statistiques

Statistiques générales
  • Ce quiz a été pris 342 fois
  • Le résultat moyen est 7 sur 9
Statistiques - réponses
Pays % Correct
Lituanie
95%
Lettonie
93%
Libye
82%
Liban
80%
Laos
79%
Luxembourg
78%
Liberia
76%
Liechtenstein
74%
Lesotho
70%
Aucun quiz correspondant
Distribution des résultats
% des personnes avec chaque résultat
Percentile par nombre de réponses
Votre historique - résultats
Vous n’avez pas pris ce quiz